<?xml version="1.0" encoding="UTF-8"?>
<record
    xmlns:xsi="http://www.w3.org/2001/XMLSchema-instance"
    xsi:schemaLocation="http://www.loc.gov/MARC21/slim http://www.loc.gov/standards/marcxml/schema/MARC21slim.xsd"
    xmlns="http://www.loc.gov/MARC21/slim">

  <leader>00775cam a22002412  4500</leader>
  <controlfield tag="001">0000024147</controlfield>
  <controlfield tag="005">20151021151150.0</controlfield>
  <controlfield tag="008">130614s         xx           000 0 eng d</controlfield>
  <datafield tag="020" ind1=" " ind2=" ">
    <subfield code="a">8131516822 :</subfield>
  </datafield>
  <datafield tag="040" ind1=" " ind2=" ">
    <subfield code="a">KABU</subfield>
    <subfield code="c">KABU</subfield>
  </datafield>
  <datafield tag="050" ind1=" " ind2="0">
    <subfield code="a">HF5415.3</subfield>
    <subfield code="b">.K37 2011</subfield>
  </datafield>
  <datafield tag="100" ind1="1" ind2=" ">
    <subfield code="a">Kardes, Frank R.</subfield>
    <subfield code="@">0000151537</subfield>
  </datafield>
  <datafield tag="245" ind1="1" ind2="0">
    <subfield code="a">Consumer behavior :</subfield>
    <subfield code="b">science and practice /</subfield>
    <subfield code="c">Frank R. Kardes, Thomas W. Cline, Maria L. Cronley.</subfield>
  </datafield>
  <datafield tag="250" ind1=" " ind2=" ">
    <subfield code="a">1st ed.</subfield>
  </datafield>
  <datafield tag="260" ind1=" " ind2=" ">
    <subfield code="a">Delhi :</subfield>
    <subfield code="b">Cengage Learning,</subfield>
    <subfield code="c">c2011.</subfield>
  </datafield>
  <datafield tag="300" ind1=" " ind2=" ">
    <subfield code="a">xx, 459 p.</subfield>
  </datafield>
  <datafield tag="650" ind1=" " ind2="0">
    <subfield code="a">Consumer behavior.</subfield>
    <subfield code="@">0000151538</subfield>
  </datafield>
  <datafield tag="700" ind1="1" ind2=" ">
    <subfield code="a">Cline, Thomas W.</subfield>
    <subfield code="@">0000184099</subfield>
  </datafield>
  <datafield tag="700" ind1="1" ind2=" ">
    <subfield code="a">Cronley, Maria L.</subfield>
    <subfield code="@">0000184100</subfield>
  </datafield>
  <datafield tag="852" ind1="1" ind2=" ">
    <subfield code="9">p1710 KES</subfield>
  </datafield>
  <datafield tag="908" ind1=" " ind2=" ">
    <subfield code="a">130614</subfield>
  </datafield>
  <datafield tag="950" ind1=" " ind2=" ">
    <subfield code="@">1</subfield>
  </datafield>
  <datafield tag="999" ind1=" " ind2=" ">
    <subfield code="c">1391</subfield>
    <subfield code="d">1391</subfield>
  </datafield>
  <datafield tag="952" ind1=" " ind2=" ">
    <subfield code="0">0</subfield>
    <subfield code="1">0</subfield>
    <subfield code="2">lcc</subfield>
    <subfield code="7">0</subfield>
    <subfield code="a">KNTC</subfield>
    <subfield code="b">KNTC</subfield>
    <subfield code="d">2015-10-21</subfield>
    <subfield code="l">0</subfield>
    <subfield code="o">HF5415.3 .K37 2011 c. 1</subfield>
    <subfield code="p">015596</subfield>
    <subfield code="r">2015-10-21 00:00:00</subfield>
    <subfield code="w">2015-10-21</subfield>
    <subfield code="y">BK</subfield>
  </datafield>
</record>
